[Event "Barcelona Rubi op-B 5th"]
[Site "Barcelona"]
[Date "2004.04.??"]
[Round "3"]
[White "Pinero Casoliba, Lluis"]
[Black "Garcia Garrido, Jesus"]
[Result "1-0"]
[WhiteElo "1850"]
[BlackElo "1705"]
[PlyCount "85"]
[EventDate "2004.04.25"]
[EventType "swiss"]
[EventRounds "7"]
[EventCountry "ESP"]
[SourceTitle "EXT 2007"]
[Source "ChessBase"]
[SourceDate "2006.11.23"]
[SourceVersion "1"]
[SourceVersionDate "2006.11.23"]
[SourceQuality "1"]

1. d4 d5 2. c4 Nf6 3. Nc3 c6 4. Nf3 Bf5 5. Bg5 e6 6. e3 a6 7. Qb3 b6 8. Bxf6 gxf6 9. Rc1 Be7 10. cxd5 exd5 11. Na4 b5 12. Nc5 0-0 13. Nh4 Bg6 14. Nxg6 fxg6 15. Qc3 Qd6 16. Bd3 Nd7 17. Nb7 Qb4 18. 0-0 Qxc3 19. Rxc3 Rab8 20. Na5 Bb4 21. Nxc6 Bxc3 22. Nxb8 Rxb8 23. bxc3 Rc8 24. Rc1 Nb6 25. Kf1 Na4 26. Ke1 Rxc3 27. Rxc3 Nxc3 28. a3 Na4 29. Kd2 Kf7 30. Bc2 Nb6 31. Kc3 Ke6 32. Kb4 Nc4 33. a4 bxa4 34. Bxa4 Nb2 35. Bc2 Nc4 36. Bd3 a5+ 37. Kb5 Kd6 38. Bxc4 dxc4 39. Kxc4 Kc6 40. e4 Kd6 41. Kb5 f5 42. f3 fxe4 43. fxe4 1-0

[Event "Martorell op-B"]
[Site "Martorell"]
[Date "1997.??.??"]
[Round "7"]
[White "Garcia Garrido, Jesus"]
[Black "Capella Baladas, Pere"]
[Result "0-1"]
[WhiteElo "1765"]
[BlackElo "1875"]
[PlyCount "94"]
[EventDate "1997.09.??"]
[EventType "swiss"]
[EventRounds "8"]
[EventCountry "ESP"]
[SourceTitle "EXT 2003"]
[Source "ChessBase"]
[SourceDate "2002.11.25"]
[SourceVersion "1"]
[SourceVersionDate "2002.11.25"]
[SourceQuality "1"]

1. e4 d5 2. Nc3 d4 3. Nd5 e6 4. Nf4 e5 5. Nfe2 d3 6. Nc3 dxc2 7. Qxc2 Bc5 8. h3 Qd4 9. d3 Nc6 10. a3 Be6 11. Be3 Qd6 12. Nb5 Bb4+ 13. axb4 Qxb4+ 14. Nc3 Bb3 15. Qc1 Nd4 16. Rb1 Nc2+ 17. Ke2 0-0-0 18. Nf3 Nd4+ 19. Bxd4 exd4 20. Nd5 Bxd5 21. exd5 Re8+ 22. Kd1 Qb3+ 23. Qc2 Qxd5 24. Rc1 c6 25. Qc4 Qa5 26. Be2 Nh6 27. Nxd4 Qe5 28. Re1 Qf6 29. Bf3 Rxe1+ 30. Kxe1 Rd8 31. Nb5 Qe5+ 32. Kf1 Kb8 33. Bxc6 Rc8 34. Nxa7 Kxa7 35. Ra1+ Kb8 36. Qa4 Rxc6 37. Qa8+ Kc7 38. Re1 Qf6 39. Qa5+ Rb6 40. Rc1+ Kb8 41. Re1 Re6 42. Rb1 Qd4 43. Qb5 Re5 44. Qb3 Rf5 45. Qc2 Rf6 46. b4 Nf5 47. b5 Ne3+ 0-1

[Event "Martorell op-B"]
[Site "Martorell"]
[Date "1997.??.??"]
[Round "1"]
[White "Garcia Garrido, Jesus"]
[Black "Ponsarnau Marquilles, Jaume"]
[Result "0-1"]
[WhiteElo "1815"]
[BlackElo "1920"]
[PlyCount "88"]
[EventDate "1997.09.??"]
[EventType "swiss"]
[EventRounds "8"]
[EventCountry "ESP"]
[SourceTitle "EXT 2003"]
[Source "ChessBase"]
[SourceDate "2002.11.25"]
[SourceVersion "1"]
[SourceVersionDate "2002.11.25"]
[SourceQuality "1"]

1. e4 c6 2. Bc4 d5 3. exd5 cxd5 4. Bb3 e5 5. d4 e4 6. Nc3 Be6 7. Bf4 Nc6 8. Nge2 Nf6 9. h3 a6 10. Ng3 Be7 11. Be5 0-0 12. a3 b5 13. 0-0 Na5 14. Ba2 Nc4 15. b4 Rc8 16. Nce2 e3 17. Bxc4 exf2+ 18. Rxf2 Rxc4 19. Nf5 Ne4 20. Rf1 f6 21. Bh2 Bd6 22. Bxd6 Nxd6 23. Neg3 g6 24. Qg4 Kh8 25. Rae1 gxf5 26. Qh5 Bf7 27. Qh6 Rg8 28. Nh5 Bxh5 29. Qxh5 Rxc2 30. Rf2 Rxf2 31. Kxf2 Ne4+ 32. Kg1 Qb6 33. Rd1 Ng3 34. Qf3 f4 35. Qxd5 Ne2+ 36. Kh2 Nc3 37. Qb3 Nxd1 38. Qxd1 Qd6 39. Kh1 Rd8 40. Qf3 Qxd4 41. Qb7 Qe5 42. Qc7 Rd1+ 43. Kh2 f3+ 44. g3 Qe2# 0-1

[Event "Martorell op-B"]
[Site "Martorell"]
[Date "1997.??.??"]
[Round "3"]
[White "Petit Centelles, Pere"]
[Black "Garcia Garrido, Jesus"]
[Result "1-0"]
[WhiteElo "1835"]
[BlackElo "1765"]
[PlyCount "77"]
[EventDate "1997.09.??"]
[EventType "swiss"]
[EventRounds "8"]
[EventCountry "ESP"]
[SourceTitle "EXT 2003"]
[Source "ChessBase"]
[SourceDate "2002.11.25"]
[SourceVersion "1"]
[SourceVersionDate "2002.11.25"]
[SourceQuality "1"]

1. e4 e5 2. Nf3 Nc6 3. Bc4 h6 4. d4 Nf6 5. Nc3 Bb4 6. Qd3 exd4 7. Nxd4 Bxc3+ 8. bxc3 Ne5 9. Qe2 Nxc4 10. Qxc4 Nxe4 11. Nb5 0-0 12. 0-0 d5 13. Qxc7 Qxc7 14. Nxc7 Rb8 15. Nxd5 Re8 16. Bf4 Be6 17. Ne7+ Kf8 18. Rfe1 Nxc3 19. Ng6+ fxg6 20. Bxb8 Kf7 21. Bxa7 Nb5 22. Be3 Na3 23. Re2 Bc4 24. Rd2 Nb5 25. Rd7+ Kg8 26. Rxb7 Rd8 27. h3 Nd6 28. Rc7 Bd5 29. Bb6 Re8 30. Rd1 Re5 31. Rd7 Nc4 32. R1xd5 Rxd5 33. Rxd5 Nxb6 34. Rb5 Nc4 35. a4 Na3 36. Rb6 Kf7 37. a5 Ke7 38. a6 Kd7 39. a7 1-0